000 00650nam a2200169 4500
999 _c17168
_d17168
008 220607b ||||| |||| 00| 0 eng d
022 _a0732-8435
082 _aDPer 657.05 C33 Jan - Apr 2011, v. 81 n 1 - 4
100 _aBader, Mary.
_945596
245 _aThe tax consequences of buying a distressed loan:
_bwhen does the open transaction doctrine apply?/
_cMary Bader and Steve Schroeder.
260 _aNew York:
_bThe New York State Society of CPA,
_c2011.
300 _aV81 n4, page 34-39:
_billustrations;
_c28 cm.
500 _aThe CPA Journal.
650 _aLoans.
_919507
700 _aSchroeder, Steve.
_eAuthor.
_945597
942 _2ddc
_cPER